01013 2200325 4500001002100000005001500021035002000036007000300056008004100059020002200100040002200122082001900144084002100163090002200184100003300206245012100239250002800360300002500388650003000413700004200443700002200485700002000507850001200527264003000539336002100569337003000590338002300620999002200643990002200665INLIS00000000087809220230418110850 a0010-0423000392ta230418s2018 yoi g ind d a978-602-5457-07-4 aYOPDYOGbinderda04223a899.221301 a899.221301 DEA k aCB-D.11 2018-39430 aDea Aurelia Ivanaepengarang10aKisah kecil dari coretan harian /cDea Aurelia Ivana, Asha Ridha Hijeriya, Masita, Dayu; penyunting, Tantra Nur Andi aCetakan I, Agustus 2018 a146 halaman ;c19 cm 4aCerita pendek--xKumpulan0 aAsha Ridha Hijeriyad1997-epengarang0 aMasitaepengarang0 aDayuepengarang aYOPDYOG31aBantul :bTerakata,c2018 2rdacontentateks 2rdamediaatanpa perantara 2rdacarrieravolume aCB-D.11/2018-3943 aCB-D.11/2018-3943